000 00214nam a22000857a 4500
008 170208b xxu||||| |||| 00| 0 eng d
100 _92804
_aSingh.E.R.D
245 _aThe Life Story of B.P
260 _aNew Delhi
_bBS
_c2009
999 _c6019
_d6019